Statistiques concernant Quiz sur la Finlande

Cliquez ici pour prendre le quiz!

Statistiques générales

  • Ce quiz a été pris 3 440 fois
  • Le résultat moyen est 13 sur 22

Statistiques - réponses

QuestionRéponse% Correct
Capitale et ville la plus peupléeHelsinki
99%
Pays frontaliersSuède
98%
Pays frontaliersNorvège
97%
Pays frontaliersRussie
97%
Personnage fictif qui vit, selon la légende,
au nord de la Finlande avec ses rennes
Père Noël
95%
Devise monétaire actuelleEuro
93%
Région dans laquelle celui-ci vivrait doncLaponie
89%
Célèbre marque de téléphones finlandaise
qui a notamment commercialisé le 3310
Nokia
87%
Ces golfes font partie de cette merMer Baltique
78%
Sport le plus populaireHockey sur Glace
74%
Cabane de bois remplie d'air chaudSauna
74%
Finlande, en finnoisSuomi
53%
Branche chrétienne la plus pratiquéeLuthérianisme
40%
Golfes qui bordent la FinlandeGolfe de {Finlande}
37%
Guerre face à l'URSS en 1939-1940Guerre d'{Hiver}
34%
Système d'exploitation open-source finnoisLinux
34%
Peuple autochtone de cette régionSamis
33%
Golfes qui bordent la FinlandeGolfe de {Botnie}
27%
Deuxième plus grande agglomérationTampere
26%
Devise monétaire avant celle-ciMark
18%
Compositeur classique qui a signé FinlandiaJean Sibelius
16%
Coureur de fond qui a gagné 12 médailles
olympiques (9 en or et 3 en argent)
Paavo {Nurmi}
15%

Distribution des résultats

Percentile par nombre de réponses

% des personnes avec chaque résultat

Votre développement - résultats

Vous n’avez pas pris ce quiz